| 000 | 01030cam a2200349 i 4500 | ||
|---|---|---|---|
| 001 | 200461571 | ||
| 003 | TR-AnTOB | ||
| 005 | 20240726103226.0 | ||
| 007 | ta | ||
| 008 | 240624s2023 tu a|||| |||| 00| 0 tur d | ||
| 020 | _a9786259954134 | ||
| 040 |
_aTR-AnTOB _beng _erda _ceng _dTR-AnTOB |
||
| 041 | 0 | _aeng | |
| 044 | _ctu | ||
| 050 | 1 | _aBF575 | |
| 090 |
_aBF575 _b.D465 2023 |
||
| 100 | 1 |
_aDemirden, Ahmet _9129806 _eauthor |
|
| 245 | 1 | 0 |
_aInterpersonal conflict resolution strategies : _bmotivations and emotions / _cAhmet Demirden. |
| 250 | _a1. baskı | ||
| 264 | 1 |
_aAnkara : _bPolis Akademisi, _c2023. |
|
| 300 |
_a117 pages ; _c21 cm |
||
| 336 |
_a text _btxt _2rdacontent |
||
| 337 |
_aunmediated _bn _2rdamedia |
||
| 338 |
_avolume _bnc _2rdacarrier |
||
| 490 | 0 |
_aPolis Akademisi Yayınları ; _v180 |
|
| 504 | _aBIBINDX | ||
| 650 | 0 |
_aConflict management _922042 |
|
| 650 | 0 |
_aDispute resolution (Law) _928781 |
|
| 650 | 0 |
_aInterpersonal conflict _951954 |
|
| 942 |
_2lcc _cBK |
||
| 999 |
_c200461571 _d79783 |
||